| 000 | 004130000a22001810004500 | ||
|---|---|---|---|
| 003 | MACL | ||
| 005 | 20150916111043.0 | ||
| 008 | 150916b xxu||||| |||| 00| 0 eng d | ||
| 040 |
_aMACL _cMACL |
||
| 041 | _aEnglish | ||
| 082 | _a823/SET | ||
| 100 |
_aSeth, Vikram _96968 |
||
| 245 | _aA Suitable Boy | ||
| 260 |
_bViking _c1993 _aCalcutta |
||
| 350 | _a500 | ||
| 650 |
_aFicition _911423 |
||
| 942 |
_cBK _k823 _2ddc |
||
| 999 |
_c4838 _d4838 |
||